000
00202 a2200097 4500
001
11972
100
_a
Capalombar, J.
245
_a
Political parties
260
_a
_b
New Jersey
_c
090
_c
9225
_d
9225
942
_a
NUST-CAE
_c
M
_c
36073
999
_c
247045
_d
247045